[Event "Xabia Region-ch Preferente"]
[Site "Xabia"]
[Date "2014.10.18"]
[Round "3.2"]
[White "Duller Llopis, Jouke"]
[Black "Pastor Marti, Jaume"]
[Result "0-1"]
[WhiteElo "1559"]
[BlackElo "1713"]
[PlyCount "72"]
[EventDate "2014.09.27"]
[EventType "swiss"]
[EventRounds "7"]
[EventCountry "ESP"]
[SourceTitle "EXT 2024"]
[Source "ChessBase"]
[SourceDate "2023.10.10"]
[SourceVersion "1"]
[SourceVersionDate "2023.10.10"]
[SourceQuality "1"]

1. d4 Nf6 2. Nf3 g6 3. Bg5 Bg7 4. e3 0-0 5. c3 d6 6. Be2 Nbd7 7. 0-0 b6 8. Nbd2 Bb7 9. Qb3 c5 10. Rfe1 Qc7 11. Rac1 e5 12. Red1 e4 13. Ne1 a6 14. f3 exf3 15. Bxf3 Bxf3 16. Nexf3 h6 17. Bf4 Nh5 18. dxc5 Nxf4 19. exf4 Qxc5+ 20. Kh1 Nf6 21. Nc4 Ne4 22. Rc2 b5 23. Na3 Nf2+ 24. Rxf2 Qxf2 25. Nc2 Rfe8 26. Nb4 Re2 27. Rg1 Rxb2 28. Qd5 Rd8 29. Nc6 Re8 30. Qxd6 Bf8 31. Qd7 Re6 32. Nce5 Re7 33. Qd8 Qa7 34. Nc6 Rd7 35. Qf6 Qf2 36. Nfe5 Qxg1+ 0-1

[Event "Xabia Region-ch Preferente"]
[Site "Xabia"]
[Date "2014.10.04"]
[Round "2.3"]
[White "Pastor Marti, Jaume"]
[Black "Caselles Pedro, Francisco"]
[Result "1-0"]
[WhiteElo "1713"]
[BlackElo "1524"]
[PlyCount "75"]
[EventDate "2014.09.27"]
[EventType "swiss"]
[EventRounds "7"]
[EventCountry "ESP"]
[SourceTitle "EXT 2024"]
[Source "ChessBase"]
[SourceDate "2023.10.10"]
[SourceVersion "1"]
[SourceVersionDate "2023.10.10"]
[SourceQuality "1"]

1. Nf3 Nf6 2. d4 e6 3. c4 d5 4. Bg5 c5 5. e3 Nbd7 6. Nc3 Qa5 7. Bxf6 Nxf6 8. Bd3 b5 9. cxb5 c4 10. Bc2 Bd7 11. a3 Bxb5 12. 0-0 a6 13. Qe2 Rb8 14. e4 Be7 15. exd5 Nxd5 16. Nxd5 c3 17. Qe5 Rb7 18. Nxc3 Bf6 19. Qe4 Qb6 20. Nxb5 axb5 21. Bd3 g6 22. Ne5 0-0 23. Rac1 Bg7 24. Rc6 Qd8 25. Rfc1 Qg5 26. f4 Qh4 27. g3 Qe7 28. Rc8 f5 29. Rxf8+ Bxf8 30. Qc6 b4 31. Bc4 bxa3 32. bxa3 Qxa3 33. Bxe6+ Kh8 34. Qxb7 Qxc1+ 35. Kg2 Qd2+ 36. Kh3 Qe2 37. Nf7+ Kg8 38. Ng5+ 1-0

[Event "Provincial-ch Xabia Preferente"]
[Site "Valencia"]
[Date "2012.11.24"]
[Round "7"]
[White "Pastor Marti, Jaume"]
[Black "Arnot, Bob"]
[Result "0-1"]
[WhiteElo "1663"]
[BlackElo "1841"]
[PlyCount "121"]
[EventDate "2012.10.06"]
[EventType "swiss"]
[EventRounds "7"]
[EventCountry "ESP"]
[SourceTitle "EXT 2024"]
[Source "ChessBase"]
[SourceDate "2023.10.10"]
[SourceVersion "1"]
[SourceVersionDate "2023.10.10"]
[SourceQuality "1"]

1. d4 Nf6 2. c4 g6 3. Nc3 Bg7 4. e4 d6 5. Nf3 0-0 6. Be2 e5 7. d5 Nbd7 8. Bg5 h6 9. Be3 a5 10. 0-0 b6 11. a3 Nc5 12. Nd2 Bd7 13. Qc2 a4 14. f4 exf4 15. Rxf4 Qe7 16. Raf1 Nh7 17. R4f2 f5 18. Bxc5 bxc5 19. Kh1 Bd4 20. Rf3 Ng5 21. Rg3 f4 22. Rd3 Be5 23. Nf3 Nf7 24. Bd1 g5 25. h3 Kg7 26. Qe2 g4 27. hxg4 Bxg4 28. Qe1 Bxf3 29. Bxf3 Bxc3 30. Rxc3 Ne5 31. Be2 Rab8 32. Qd2 Qg5 33. Rh3 f3 34. Qxg5+ hxg5 35. gxf3 Rxb2 36. Bd1 Rh8 37. Rxh8 Kxh8 38. Bxa4 Kg7 39. Bb5 Rb3 40. Ra1 Nxf3 41. Ra2 Nd4 42. Bd7 Rb7 43. a4 Kf6 44. a5 Ke5 45. a6 Ra7 46. Bc8 Kxe4 47. Ra3 Nc2 48. Rc3 Nb4 49. Ra3 Kd4 50. Bb7 Kxc4 51. Kg2 Nxd5 52. Rg3 Nb4 53. Rxg5 Nxa6 54. Bf3 Nb4 55. Be2+ Nd3 56. Rg4+ Kc3 57. Rg3 c4 58. Bg4 d5 59. Be6 d4 60. Kf3 Kb4 61. Kg2 0-1

[Event "Provincial-ch Xabia Preferente"]
[Site "Valencia"]
[Date "2012.10.27"]
[Round "3"]
[White "Pastor Marti, Jaume"]
[Black "Pont Font, Daniel"]
[Result "1-0"]
[WhiteElo "1663"]
[BlackElo "1907"]
[PlyCount "59"]
[EventDate "2012.10.06"]
[EventType "swiss"]
[EventRounds "7"]
[EventCountry "ESP"]
[SourceTitle "EXT 2024"]
[Source "ChessBase"]
[SourceDate "2023.10.10"]
[SourceVersion "1"]
[SourceVersionDate "2023.10.10"]
[SourceQuality "1"]

1. d4 Nf6 2. Nf3 g6 3. Nc3 d6 4. e4 Bg7 5. Be2 0-0 6. Be3 c6 7. Qd2 b5 8. a3 Bb7 9. Rd1 a6 10. 0-0 Qc7 11. e5 dxe5 12. Nxe5 Nfd7 13. f4 e6 14. Bf3 Nb6 15. b3 N8d7 16. Ne4 Rad8 17. Qe2 f6 18. Nxd7 Nxd7 19. c4 Qb8 20. c5 e5 21. Nd6 a5 22. b4 exd4 23. Bxd4 axb4 24. axb4 f5 25. Qe6+ Kh8 26. Bxg7+ Kxg7 27. Qe7+ Kg8 28. Qe6+ Kg7 29. Nxb7 Qxb7 30. Bxc6 1-0

[Event "Provincial-ch Xabia Preferente"]
[Site "Valencia"]
[Date "2011.11.19"]
[Round "6"]
[White "Vallalta Martinez, Luis"]
[Black "Pastor Marti, Jaume"]
[Result "1-0"]
[WhiteElo "1999"]
[BlackElo "1693"]
[PlyCount "115"]
[EventDate "2011.10.01"]
[EventType "swiss"]
[EventRounds "7"]
[EventCountry "ESP"]
[SourceTitle "EXT 2024"]
[Source "ChessBase"]
[SourceDate "2023.10.10"]
[SourceVersion "1"]
[SourceVersionDate "2023.10.10"]
[SourceQuality "1"]

1. d4 Nf6 2. c4 e6 3. Nf3 d5 4. Nc3 c6 5. Bg5 Be7 6. e3 0-0 7. Rc1 Nbd7 8. a3 Qa5 9. Nd2 dxc4 10. Bxf6 Nxf6 11. Bxc4 Qg5 12. 0-0 b5 13. Be2 Bb7 14. Nf3 Qh6 15. Ne5 Bd6 16. Bf3 Rac8 17. Nxb5 cxb5 18. Bxb7 Rb8 19. Bf3 Nd7 20. Ng4 Qg5 21. e4 Bf4 22. Rc3 Rfc8 23. g3 Bd6 24. Qb3 a6 25. Rfc1 Qxc1+ 26. Rxc1 Rxc1+ 27. Kg2 Nb6 28. Qe3 Rc2 29. Qg5 Kf8 30. d5 exd5 31. exd5 Rxb2 32. Ne3 h6 33. Qf5 Re8 34. Ng4 Nc4 35. Qh7 Be5 36. Nxe5 Rxe5 37. Qh8+ Ke7 38. Qxg7 a5 39. d6+ Kxd6 40. Qf6+ Kc5 41. Qxf7 Kd4 42. Bd1 Ne3+ 43. Kh3 Nxd1 44. Qf4+ Kd5 45. Qf3+ Ke6 46. Qxd1 Rbe2 47. Qb3+ Kf6 48. Qf3+ Ke6 49. Qc6+ Ke7 50. Qxh6 Rxf2 51. Qg7+ Kd6 52. Qh6+ Kd5 53. Qb6 Ree2 54. Qxb5+ Ke6 55. Qxa5 Rxh2+ 56. Kg4 Re4+ 57. Kf3 Rhe2 58. Qa6+ 1-0